000 00610nam a2200277Ia 4500
005 20260324133524.0
008 008 260324s9999 xx 000 0 eng d
020 _a9780203456828
037 _aEBOOK
040 _aCRL
040 _beng
040 _cCRL
041 _2eng
041 _aeng
084 _qCRL
100 _aStefan Rebenich
_91193414
245 0 _aJerome
260 _bTaylor and Francis
260 _c2003
365 _a
365 _b230
856 _uhttp://www.taylorfrancis.com/books/9780203456828
942 _cEBOOK
999 _c1792522
_d1792522